000 00361nam a2200133Ia 4500
008 240624s9999 xx 000 0 und d
041 _aeng
082 _a658.4092 REG
100 _aREGO ARMENIO
245 _aVIRTUES OF LEADERSHIP CONTEMPORARY CHALL
260 _c2012
_aNew Delhi
_bOxford University Press
300 _axiv, 222 p.; 23 cm.
365 _cBPS
_b38
999 _c31285
_d31285